000 00545nam a2200157 i 4500
001 118838
003 ES-MaACL
005 20230906191205.0
007 t|
008 070214s1952 sp r ||||1| spa d
100 1 _aPérez Carmona, José.
_990706
245 1 3 _aEl Cardenal Pacheco en las cinco primeras sesiones del Concilio de Trento
_b: Lección inaugural del curso académico 1951-1952 /
_cJosé P. Carmona.
260 _aBurgos :
_bSeminario Metropolitano,
_c[1952?]
300 _a39 p. ;
_c24 p.
852 _aES-MaACL
_j1935-F-24
_bR.31833
999 _c118838
_d118838